| 000 | 00756nas a2200265 4500 | ||
|---|---|---|---|
| 001 | BR9203032 | ||
| 003 | BR-BrBNA | ||
| 005 | 20231205092605.0 | ||
| 007 | ta | ||
| 008 | 230509b bl.|||p| |||| 00| 00por d | ||
| 040 |
_aBR-BrBNA _bpor _cBiblioteca Nacional de Agricultura |
||
| 041 | _a(Pt) | ||
| 072 | _aF06; F07 | ||
| 100 | 1 | _aVilhena, A. | |
| 245 | 1 | _aAspargo; ele veio do Rio para se dar bem no Nordeste | |
| 650 | _aASPARGO | ||
| 650 | _aCULTIVO DO SOLO | ||
| 650 | _aCULTURA IRRIGADA | ||
| 650 | _aPRATICA CULTURAL | ||
| 650 | _aRENDIMENTO | ||
| 650 | _aREGIAO NORDESTE | ||
| 773 | 0 |
_tManchete Rural (Brazil) _xISSN 0102-8901 _g(Aug 1989), v. 3(29) p. 6-9 _wBR9203032 |
|
| 909 |
_a202311 _bLúcia _c55 _dLúcia Elande |
||
| 942 |
_2AGRIS _n0 _cANA |
||
| 999 |
_c132712 _d132712 |
||